书目信息 |
| 题名: |
AI赋能设计
|
|
| 作者: | 易欣 , 宋杰 , 周宁昌 编著 | |
| 分册: | ||
| 出版信息: | 北京 化学工业出版社 2024.10 |
|
| 页数: | 208页 | |
| 开本: | 24cm | |
| 丛书名: | ||
| 单 册: | ||
| 中图分类: | TU238.2-39 | |
| 科图分类: | ||
| 主题词: | 人工智能--ren gong zhi neng--应用--室内装饰设计--计算机辅助设计 | |
| 电子资源: | ||
| ISBN: | 978-7-122-46383-8 | |
| 000 | 01413nam0 2200265 450 | |
| 001 | 90027 | |
| 005 | 20250815095514.46 | |
| 010 | @a978-7-122-46383-8@dCNY98.00 | |
| 100 | @a20241115d2024 em y0chiy50 ea | |
| 101 | 0 | @achi |
| 102 | @aCN@b110000 | |
| 105 | @aa z 000yy | |
| 106 | @ar | |
| 200 | 1 | @aAI赋能设计@AAI fu neng she ji@e室内设计AIGC案例实战@f易欣, 宋杰, 周宁昌等编著 |
| 210 | @a北京@c化学工业出版社@d2024.10 | |
| 215 | @a208页@c彩图@d24cm | |
| 330 | @a本书以AIGC (生成式人工智能) 工具在室内设计领域的运用为主要内容, 面向室内设计行业、家具设计行业的爱好者、学习者及从业者, 全面且详细地介绍多种AIGC的工具、平台、使用方法、技巧、应用案例及效果展示等, 以AI为设计师赋能, 提高设计师的工作效率和质量。书中通过具体设计案例介绍了AIGC在室内设计各个阶段的具体应用场景, 包括家居空间设计、办公空间设计和酒店设计等, 并与传统方法做对比, 从而突显AIGC在室内设计领域应用的优势。同时考虑室内设计学习者的知识结构不同, 对全书内容做由浅入深的安排, 展示不同深度的内容。最终使本书的阅读者能够较全面地掌握运用AIGC技术辅助完成室内设计的方法和技巧。 | |
| 517 | 1 | @a室内设计AIGC案例实战@Ashi nei she ji AIGC an li shi zhan |
| 606 | 0 | @a人工智能@Aren gong zhi neng@x应用@x室内装饰设计@x计算机辅助设计 |
| 690 | @aTU238.2-39@v5 | |
| 701 | 0 | @a易欣@Ayi xin@4编著 |
| 701 | 0 | @a宋杰@Asong jie@4编著 |
| 701 | 0 | @a周宁昌@Azhou ning chang@4编著 |
| 801 | 0 | @aCN@c20250909 |
| 905 | @a河南城建学院图书馆@dTU238.2-39@eY557@f1 | |
| AI赋能设计:室内设计AIGC案例实战/易欣, 宋杰, 周宁昌等编著.-北京:化学工业出版社,2024.10 |
| 208页:彩图;24cm |
| ISBN 978-7-122-46383-8:CNY98.00 |
| 本书以AIGC (生成式人工智能) 工具在室内设计领域的运用为主要内容, 面向室内设计行业、家具设计行业的爱好者、学习者及从业者, 全面且详细地介绍多种AIGC的工具、平台、使用方法、技巧、应用案例及效果展示等, 以AI为设计师赋能, 提高设计师的工作效率和质量。书中通过具体设计案例介绍了AIGC在室内设计各个阶段的具体应用场景, 包括家居空间设计、办公空间设计和酒店设计等, 并与传统方法做对比, 从而突显AIGC在室内设计领域应用的优势。同时考虑室内设计学习者的知识结构不同, 对全书内容做由浅入深的安排, 展示不同深度的内容。最终使本书的阅读者能够较全面地掌握运用AIGC技术辅助完成室内设计的方法和技巧。 |
| ● |
| 相关链接 |
|
|
|
正题名:AI赋能设计
索取号:TU238.2-39/Y557
 
预约/预借
| 序号 | 登录号 | 条形码 | 馆藏地/架位号 | 状态 | 备注 |
| 1 | 1623989 | 216239899 | 建筑库101/ [索取号:TU238.2-39/Y557] | 在馆 |